Statistics for Football (Soccer) Players With The Most Facebook Fans

Click here to take the quiz!

General Stats

  • This quiz has been taken 888 times
  • The average score is 10 of 20

Answer Stats

#Facebook FansPlayer% Correct
1.77,465,841Cristiano Ronaldo
100%
2.55,529,300Lionel Messi
99%
5.19,415,301Neymar
82%
7.18,040,472Andres Iniesta
70%
6.18,121,871Wayne Rooney
61%
12.13,169,039Gareth Bale
59%
3.36,582,487David Beckham
51%
13.12,995,859David Villa
45%
14.10,984,519Gerard Piqué
44%
15.9,707,060Karim Benzema
44%
9.15,943,767Ronaldinho
44%
10.15,774,149Iker Casillas
40%
17.8,712,343Carles Puyol
39%
20.6,343,777Ángel di María
36%
16.9,463,113Sergio Ramos
34%
4.27,103,205Kakà
33%
8.17,371,840Mesut Özil
33%
11.13,949,370Zlatan Ibrahimovic
33%
18.7,411,767Robin Van Persie
27%
19.7,375,929Radamel Falcao
22%

Score Distribution

Percentile by Number Answered

Percent of People with Each Score

Your Score History

You have not taken this quiz